000 00713nam a2200205 i 4500
001 34291
003 ES-MaACL
005 20250627063627.0
007 t|
008 030204s1932 fr ||||1| fre d
100 1 _aBloch, Oscar,
_d1877-1937
_929518
245 1 0 _aDictionnaire etymologique de la langue française /
_cpar Oscar Bloch ; avec la collaboration de W. Wartburg ; preface d'A. Meillet.
260 _aParis :
_bPresses Universitaires,
_c1932.
300 _a2 v. ;
_c26 cm.
650 4 _aLengua francesa-
_xEtimologĂ­a-
_vDiccionarios.
_914217
700 1 _aWatburg, W.
_9116163
700 1 _aMeillet, Antoine (
_d1866-1936)
_979843
852 _aES-MaACL
_jA-1447-48
999 _c34291
_d34291